000 00377nam a2200133Ia 4500
008 220217s9999||||xx |||||||||||||| ||und||
020 _a81-86299-39-4
082 _a004.019 ROY
100 _aRoy, Gautam
_93731
245 0 _aComputer operator and programming assistance
260 _aAsia books Pvt. Ltd.
_bNew Delhi
_c2003
300 _b295
650 _aCOMPUTER SCIENCE
999 _c172455
_d172455